[Event "SC Klein-Berlin Rheine 1 - SC Steinfurt"]
[Site "Regionalliga Münsterland 2019"]
[Date "2019.11.09"]
[Round "3.1"]
[White "Rieke, Theo"]
[Black "Bruemmer, Frank"]
[Result "1/2-1/2"]
[WhiteElo "1947"]
[BlackElo "2198"]
[PlyCount "40"]
[EventDate "2019.??.??"]
[SourceDate "2019.09.14"]

1. Nf3 Nc6 2. e4 e5 3. Bc4 Bc5 4. c3 Qe7 5. O-O d6 6. d4 Bb6 7. h3 Nf6 8. Re1
h6 9. a4 a5 10. Bb5 O-O 11. dxe5 dxe5 12. Na3 Na7 13. Bf1 Be6 14. Qc2 c6 15.
Nc4 Bxc4 16. Bxc4 Nc8 17. Nh4 Kh7 18. Nf5 Qc7 19. Qd3 Ne7 20. Qf3 Ne8 1/2-1/2

[Event "SC Klein-Berlin Rheine 1 - SC Steinfurt"]
[Site "Regionalliga Münsterland 2019"]
[Date "2019.11.09"]
[Round "3.2"]
[White "Ottens, Stephan"]
[Black "Graelken, Matthias"]
[Result "1-0"]
[WhiteElo "2057"]
[BlackElo "2022"]
[PlyCount "55"]
[EventDate "2019.??.??"]
[SourceDate "2019.09.14"]

1. e4 d5 2. exd5 Nf6 3. d4 Bg4 4. f3 Bf5 5. Bb5+ Nbd7 6. c4 e6 7. dxe6 Bxe6 8.
d5 Bf5 9. Be3 Bb4+ 10. Kf2 O-O 11. Bxd7 Nxd7 12. g4 Qh4+ 13. Kg2 Bg6 14. Ne2 h5
15. h3 Qe7 16. Bf2 Bc5 17. Nbc3 Bxf2 18. Kxf2 Rae8 19. Qd4 a6 20. Nf4 hxg4 21.
hxg4 Qc5 22. Qxc5 Nxc5 23. Rad1 Rd8 24. Rh2 Rfe8 25. b4 Nd7 26. Rdh1 Kf8 27.
Rh8+ Ke7 28. Re1+ 1-0

[Event "SC Klein-Berlin Rheine 1 - SC Steinfurt"]
[Site "Regionalliga Münsterland 2019"]
[Date "2019.11.09"]
[Round "3.4"]
[White "Langhans, Joerg"]
[Black "Yust, Evgeniy"]
[Result "1/2-1/2"]
[WhiteElo "1947"]
[BlackElo "1914"]
[PlyCount "81"]
[EventDate "2019.??.??"]
[SourceDate "2019.09.14"]

1. e4 g6 2. d4 Bg7 3. Nc3 d6 4. f4 f5 5. e5 e6 6. Nf3 Ne7 7. Be3 d5 8. Be2 O-O
9. Qd2 b6 10. h4 h5 11. O-O Ba6 12. Ng5 Bxe2 13. Qxe2 Qd7 14. Nb5 Rc8 15. b4
Nbc6 16. c3 Nd8 17. Na3 Nf7 18. Nxf7 Kxf7 19. Nc2 Qa4 20. Ne1 a5 21. Nf3 Bh6
22. a3 axb4 23. cxb4 Nc6 24. Qb2 Na7 25. Qf2 Nb5 26. Qg3 Nc3 27. Kh2 Ne4 28.
Qe1 Qb3 29. Qc1 Ra7 30. Qc6 Re8 31. Rfe1 Re7 32. Qc1 Qa4 33. Re2 c6 34. Rc2
Rec7 35. b5 c5 36. dxc5 Nxc5 37. g3 Qxb5 38. Rb1 Qa5 39. Nd4 Ra8 40. Nb5 Rc6
41. Bxc5 1/2-1/2

[Event "SC Klein-Berlin Rheine 1 - SC Steinfurt"]
[Site "Regionalliga Münsterland 2019"]
[Date "2019.11.09"]
[Round "3.5"]
[White "Schulz, Joachim"]
[Black "Langhanke, Guenther"]
[Result "0-1"]
[WhiteElo "1896"]
[BlackElo "1942"]
[PlyCount "138"]
[EventDate "2019.??.??"]
[SourceDate "2019.09.14"]

1. Nc3 c5 2. e4 Nc6 3. Nf3 e5 4. Bc4 Be7 5. d3 Nf6 6. a3 d6 7. h3 O-O 8. Rb1
Be6 9. Nd5 Bxd5 10. exd5 Nd4 11. c3 Nxf3+ 12. Qxf3 Nd7 13. g4 Bg5 14. Be3 f5
15. gxf5 Qf6 16. Rg1 Bxe3 17. Qxe3 Qxf5 18. Rg5 Qf3 19. Qxf3 Rxf3 20. Rg3 Raf8
21. Rxf3 Rxf3 22. Ke2 Rxh3 23. Bb5 Nb6 24. b4 cxb4 25. Rxb4 Kf8 26. Bc4 Rh4 27.
a4 Nxc4 28. dxc4 b6 29. Kd3 Rf4 30. a5 bxa5 31. Rb8+ Kf7 32. Rb7+ Kg6 33. Rxa7
Rf3+ 34. Kc2 Rxf2+ 35. Kd3 h5 36. c5 dxc5 37. d6 Kf6 38. Rxa5 Ke6 39. d7 Kxd7
40. Rxc5 Kd6 41. Ra5 Rf4 42. Ra6+ Kd5 43. Ra5+ Ke6 44. Ra6+ Kf5 45. c4 Rd4+ 46.
Kc3 h4 47. c5 h3 48. c6 Ke6 49. Ra8 Kd6 50. Rh8 Kxc6 51. Rxh3 g5 52. Rh6+ Kd5
53. Rg6 g4 54. Rg5 Ke6 55. Rg8 Kf5 56. Rg7 Kf4 57. Rf7+ Ke3 58. Rf5 Rd3+ 59.
Kc2 e4 60. Rg5 Kf3 61. Rf5+ Ke2 62. Rf4 g3 63. Rxe4+ Re3 64. Rg4 Kf2 65. Kd2
Rf3 66. Re4 g2 67. Re2+ Kg3 68. Re1 Rf1 69. Re3+ Kf4 0-1

[Event "SC Klein-Berlin Rheine 1 - SC Steinfurt"]
[Site "Regionalliga Münsterland 2019"]
[Date "2019.11.09"]
[Round "3.6"]
[White "Bruemmer, Andreas"]
[Black "Janning, Rainer"]
[Result "1/2-1/2"]
[WhiteElo "1917"]
[BlackElo "1888"]
[PlyCount "81"]
[EventDate "2019.??.??"]
[SourceDate "2019.09.14"]

1. d4 d5 2. c4 c6 3. Nf3 e6 4. Qc2 f5 5. g3 Nf6 6. Bg2 Bd6 7. O-O O-O 8. Bf4
Ne4 9. Nc3 Bxf4 10. gxf4 Nd7 11. b4 b6 12. b5 Bb7 13. cxd5 cxd5 14. Rfc1 Rc8
15. Qb2 Rxc3 16. Rxc3 Nxc3 17. Qxc3 Qb8 18. Ne5 Qd6 19. e3 Rc8 20. Qb2 Nxe5 21.
fxe5 Qc7 22. a4 Kf7 23. Bf1 Qc3 24. Qxc3 Rxc3 25. a5 Rc7 26. axb6 axb6 27. Ra7
Ke7 28. h4 Kd7 29. Kg2 Kc8 30. Kf3 Kb8 31. Ra2 Rc1 32. Be2 Bc8 33. Rb2 Rg1 34.
Kf4 Bd7 35. f3 Be8 36. Bd3 Bg6 37. Rc2 Be8 38. Rb2 Bg6 39. Rc2 Be8 40. Rb2 Bg6
41. Rc2 1/2-1/2

[Event "SC Klein-Berlin Rheine 1 - SC Steinfurt"]
[Site "Regionalliga Münsterland 2019"]
[Date "2019.11.09"]
[Round "3.7"]
[White "Wild, Helmut"]
[Black "Kornick, Ulrich"]
[Result "1-0"]
[WhiteElo "1871"]
[BlackElo "1912"]
[PlyCount "99"]
[EventDate "2019.??.??"]
[SourceDate "2019.09.14"]

1. c4 e6 2. e4 d5 3. exd5 exd5 4. d4 Nf6 5. Nc3 h6 6. Bd3 c6 7. h3 Be6 8. c5 b6
9. b4 Be7 10. Bf4 O-O 11. Nf3 a5 12. a3 Na6 13. Na4 Nd7 14. Ne5 Nxe5 15. Bxe5
b5 16. Nb6 Ra7 17. bxa5 Bf6 18. Bxf6 Qxf6 19. O-O Kh8 20. Be2 Bf5 21. Bg4 Bxg4
22. Qxg4 Nb8 23. a4 Rxa5 24. axb5 Rxb5 25. Ra8 Qg5 26. Qe2 Rb4 27. Rd1 Kg8 28.
Qe3 Qxe3 29. fxe3 Nd7 30. Rxf8+ Nxf8 31. Ra1 Ne6 32. Ra8+ Kh7 33. Rc8 Rb1+ 34.
Kf2 Rb2+ 35. Kg3 Rb3 36. Kf2 Rb2+ 37. Kf1 Rb1+ 38. Ke2 Rb2+ 39. Kd3 Rb3+ 40.
Kd2 Rb2+ 41. Kc3 Rxg2 42. Rxc6 Rg3 43. Nxd5 Rxh3 44. Rd6 g5 45. c6 Rh1 46. Kb2
Rh2+ 47. Kb3 Rh1 48. Rxe6 fxe6 49. c7 exd5 50. c8=Q 1-0

[Event "SC Klein-Berlin Rheine 1 - SC Steinfurt"]
[Site "Regionalliga Münsterland 2019"]
[Date "2019.11.09"]
[Round "3.8"]
[White "Ratert, Matthias"]
[Black "Haselhorst, Helmut"]
[Result "1/2-1/2"]
[WhiteElo "1857"]
[BlackElo "2025"]
[PlyCount "25"]
[EventDate "2019.??.??"]
[SourceDate "2019.09.14"]

1. e4 c6 2. d4 d5 3. e5 c5 4. c3 Nc6 5. Nf3 cxd4 6. cxd4 Bg4 7. Bb5 e6 8. O-O
Nge7 9. Nbd2 a6 10. Bxc6+ Nxc6 11. h3 Bh5 12. Nb3 Be7 13. Bd2 1/2-1/2

[Event "SG Ahaus-Wessum 1 - TV Borken 1"]
[Site "Regionalliga Münsterland 2019"]
[Date "2019.11.09"]
[Round "3.2"]
[White "Schulze Ameling, Hendrik"]
[Black "Schroer, Klaus"]
[Result "1-0"]
[WhiteElo "2004"]
[BlackElo "2001"]
[PlyCount "120"]
[EventDate "2019.??.??"]
[SourceDate "2019.09.14"]

1. d4 d6 2. e4 Nf6 3. Nc3 e5 4. d5 Be7 5. Nf3 Nbd7 6. Bg5 h6 7. Be3 c6 8. h3
Qc7 9. Qd2 Nf8 10. g4 g5 11. O-O-O Ng6 12. Kb1 Bd7 13. Be2 a6 14. h4 gxh4 15.
g5 Ng4 16. gxh6 Nxe3 17. Qxe3 c5 18. Rdg1 O-O-O 19. Ng5 Rdf8 20. Ne6 Bxe6 21.
dxe6 Nf4 22. Nd5 Qd8 23. Rg7 Rxh6 24. Rxf7 Rxf7 25. exf7 Qf8 26. Nxf4 exf4 27.
Qxf4 Rf6 28. Qg4+ Kc7 29. Bc4 Rxf2 30. a3 Rxf7 31. Bxf7 Qxf7 32. Rd1 Bf6 33.
Rf1 h3 34. Qxh3 Qe7 35. Qf5 Bh8 36. Rh1 Qe5 37. Qxe5 Bxe5 38. Rh7+ Kc6 39. c3
c4 40. Kc2 Bf4 41. Rf7 Be5 42. Kd2 b6 43. Ke3 b5 44. Kf3 Kb6 45. Ke2 a5 46. Rf8
Kb7 47. Kd2 Bh2 48. Kc2 Bg1 49. Rf6 Kc7 50. b3 cxb3+ 51. Kxb3 a4+ 52. Kb4 Kc6
53. e5 Bc5+ 54. Ka5 Bxa3 55. e6 Bc5 56. Rf8 d5 57. Rc8+ Kd6 58. e7 Kxe7 59.
Rxc5 Kd6 60. Rxb5 a3 1-0

[Event "SG Ahaus-Wessum 1 - TV Borken 1"]
[Site "Regionalliga Münsterland 2019"]
[Date "2019.11.09"]
[Round "3.3"]
[White "Thesing, Ansgar"]
[Black "Rosing, Hermann"]
[Result "0-1"]
[WhiteElo "1746"]
[BlackElo "1980"]
[PlyCount "122"]
[EventDate "2019.??.??"]
[SourceDate "2019.09.14"]

1. e4 e5 2. Nf3 Nc6 3. Bb5 f5 4. d3 fxe4 5. dxe4 Nf6 6. O-O Bc5 7. Bc4 d6 8.
Nc3 Bg4 9. h3 Bxf3 10. Qxf3 Nd4 11. Qd3 Qd7 12. a3 O-O-O 13. b4 Bb6 14. a4 Ne6
15. Nd5 c6 16. Nxb6+ axb6 17. b5 Nc5 18. Qa3 Nfxe4 19. a5 Qc7 20. axb6 Qxb6 21.
bxc6 Qxc6 22. Be3 d5 23. Bxc5 Qxc5 24. Qxc5+ Nxc5 25. Be2 Kc7 26. Ra5 Kd6 27.
Rb1 Rc8 28. Rb6+ Rc6 29. Rbb5 Rhc8 30. Bf3 e4 31. Bg4 R8c7 32. Ra8 Ra6 33. Rd8+
Kc6 34. Rb2 Ra1+ 35. Kh2 Ra3 36. Be2 Na4 37. Bb5+ Kc5 38. Bxa4 Rxa4 39. Rb8 Kc6
40. Kg3 Rc4 41. Kf4 Rc3 42. Ke5 Re7+ 43. Kf4 Rc5 44. Rc8+ Rc7 45. Rd8 Rf7+ 46.
Ke5 Re7+ 47. Kd4 Rc4+ 48. Ke3 Ra4 49. Rc8+ Rc7 50. Rd8 Kc5 51. Rb8 Ra3+ 52. Kf4
Ra7 53. Ke5 Re7+ 54. Kf5 Kd4 55. Rc8 Ra4 56. Rb1 Rf7+ 57. Ke6 Rf6+ 58. Ke7 Rxf2
59. Kd6 Rf6+ 60. Ke7 Ke5 61. Rxb7 Re6+ 0-1

[Event "SG Ahaus-Wessum 1 - TV Borken 1"]
[Site "Regionalliga Münsterland 2019"]
[Date "2019.11.09"]
[Round "3.4"]
[White "Diehlmann, Christian"]
[Black "Farwick, Christian"]
[Result "1/2-1/2"]
[WhiteElo "1936"]
[BlackElo "1843"]
[PlyCount "71"]
[EventDate "2019.??.??"]
[SourceDate "2019.09.14"]

1. d4 Nf6 2. Nf3 d5 3. Bf4 e6 4. e3 c5 5. c3 Nbd7 6. Bd3 Be7 7. O-O O-O 8. Nbd2
b6 9. e4 dxe4 10. Nxe4 cxd4 11. Nxd4 Bb7 12. Nd6 Nc5 13. Nxb7 Nxb7 14. Nc6 Qe8
15. Qf3 Nc5 16. Rfd1 Nd5 17. Nxe7+ Qxe7 18. Be5 Nxd3 19. Rxd3 Qg5 20. Qe4 f5
21. Qe2 Nf6 22. Rad1 Rf7 23. Rd6 Re8 24. Re1 Ne4 25. Rd3 Nc5 26. Rd4 Rd7 27.
Qb5 Qe7 28. b4 Rxd4 29. Bxd4 Qd7 30. Qc4 Ne4 31. f3 Nd6 32. Qe2 Nf7 33. Qc4 Nd6
34. Qb3 Kf7 35. Re5 Rc8 36. h3 1/2-1/2

[Event "SG Ahaus-Wessum 1 - TV Borken 1"]
[Site "Regionalliga Münsterland 2019"]
[Date "2019.11.09"]
[Round "3.6"]
[White "Woltering, Martin"]
[Black "Klueppel, Ralf"]
[Result "0-1"]
[WhiteElo "1804"]
[BlackElo "1784"]
[PlyCount "70"]
[EventDate "2019.??.??"]
[SourceDate "2019.09.14"]

1. e4 c6 2. d4 d5 3. f3 e6 4. Bd3 Nf6 5. Ne2 b6 6. Bg5 Be7 7. e5 Nfd7 8. Bxe7
Qxe7 9. O-O Ba6 10. f4 Qb4 11. b3 Qe7 12. c4 dxc4 13. bxc4 Bb7 14. Nbc3 Na6 15.
Ne4 O-O 16. Nd6 Ndb8 17. Rf3 h6 18. Rb1 c5 19. Nxb7 Qxb7 20. d5 Nb4 21. Nc3
Nxd3 22. Rxd3 Qd7 23. Ne4 exd5 24. cxd5 Qf5 25. Qf3 Rd8 26. g4 Qd7 27. g5 hxg5
28. fxg5 Nc6 29. Qg3 Ne7 30. Rf1 Ng6 31. h4 Qa4 32. h5 Qxe4 33. hxg6 Qxg6 34.
Qf4 Rf8 35. d6 Qxd3 0-1

[Event "SG Ahaus-Wessum 1 - TV Borken 1"]
[Site "Regionalliga Münsterland 2019"]
[Date "2019.11.09"]
[Round "3.7"]
[White "Schmidt, Sebastian"]
[Black "Terdues, Guido"]
[Result "0-1"]
[WhiteElo "1601"]
[BlackElo "1734"]
[PlyCount "112"]
[EventDate "2019.??.??"]
[SourceDate "2019.09.14"]

1. e4 d5 2. exd5 Qxd5 3. Nc3 Qa5 4. d4 Nf6 5. Bd2 c6 6. Nf3 Bg4 7. h3 Bh5 8.
Be2 Nbd7 9. O-O e6 10. Ne1 Bg6 11. Bd3 Qc7 12. Qf3 Bd6 13. Ne4 Nxe4 14. Bxe4
Bxe4 15. Qxe4 Nf6 16. Qh4 h6 17. Nd3 O-O-O 18. f4 Ne4 19. Be3 f5 20. Ne5 g5 21.
Qe1 gxf4 22. Bxf4 Rdg8 23. Qe3 Qg7 24. Ng4 Bxf4 25. Qxf4 h5 26. Ne3 Qxd4 27.
Rad1 Qg7 28. Qf3 Ng3 29. Rf2 Rd8 30. Re1 Rhg8 31. c3 Qe5 32. Nc2 Ne4 33. Rfe2
Rg3 34. Qf1 Rdg8 35. Nd4 Rxh3 36. Nf3 Qc5+ 37. Nd4 Rh1+ 38. Kxh1 Ng3+ 39. Kh2
Nxf1+ 40. Rxf1 Qd6+ 41. Kh1 Rg6 42. Rfe1 Kd7 43. Nxe6 Rxe6 44. Rxe6 Qxe6 45.
Rxe6 Kxe6 46. Kh2 Kf6 47. Kg3 Kg5 48. a4 a5 49. b4 axb4 50. cxb4 f4+ 51. Kf3
Kf5 52. Kf2 Ke4 53. Ke2 Kd4 54. Kf3 Kc4 55. b5 c5 56. Kxf4 Kb4 0-1

[Event "SG Ahaus-Wessum 1 - TV Borken 1"]
[Site "Regionalliga Münsterland 2019"]
[Date "2019.11.09"]
[Round "3.8"]
[White "Parameswaran, Vithushan"]
[Black "Suehling, Rasmus Gabriel"]
[Result "1-0"]
[WhiteElo "1791"]
[BlackElo "1445"]
[PlyCount "85"]
[EventDate "2019.??.??"]
[SourceDate "2019.09.14"]

1. e4 d5 2. d4 c6 3. Nc3 dxe4 4. f3 exf3 5. Nxf3 Bg4 6. Bc4 e6 7. O-O Nf6 8.
Be3 Bd6 9. Qe1 Nbd7 10. Ng5 Qc7 11. Qh4 Bh5 12. Bxe6 O-O-O 13. Bxf7 Bxh2+ 14.
Qxh2 Qxh2+ 15. Kxh2 Ng4+ 16. Kg1 Nxe3 17. Bxh5 Nxf1 18. Rxf1 Nf6 19. Rxf6 gxf6
20. Nf7 Rhf8 21. Nxd8 Rxd8 22. Ne2 Kc7 23. Kf2 c5 24. c3 Rd6 25. Bg4 Rb6 26. b3
Ra6 27. dxc5 Rxa2 28. Bf5 h6 29. g4 b6 30. cxb6+ axb6 31. Ke3 Ra5 32. Nd4 Kd6
33. Kf4 Ra1 34. Bc2 Rc1 35. Kf5 Ke7 36. Kg6 Rg1 37. Nf5+ Ke6 38. Nxh6 Rg3 39.
Bf5+ Ke5 40. Nf7+ Kf4 41. Kxf6 Rxc3 42. b4 Rc6+ 43. Be6 1-0

[Event "SG Turm Raesfeld/Erle 2 - SC Gronau 1"]
[Site "Regionalliga Münsterland 2019"]
[Date "2019.11.09"]
[Round "3.3"]
[White "Luetkehermoelle, Martin"]
[Black "Kadenbach, Wolfgang"]
[Result "1-0"]
[WhiteElo "1952"]
[BlackElo "1775"]
[PlyCount "63"]
[EventDate "2019.??.??"]
[SourceDate "2019.09.14"]

1. e4 e6 2. Nf3 d5 3. Nc3 dxe4 4. Nxe4 Nf6 5. Nxf6+ Qxf6 6. d4 h6 7. Bd3 Bd6 8.
O-O O-O 9. Be4 Nd7 10. Re1 Kh8 11. c4 Rd8 12. Bd2 c6 13. Ba5 Re8 14. c5 Bb8 15.
Bc3 Qf4 16. h3 Nf6 17. g3 Qc7 18. Ne5 Qe7 19. Bc2 Bxe5 20. dxe5 Nd7 21. Qd3 Nf8
22. Qf3 a5 23. Rad1 Bd7 24. Rd4 b5 25. cxb6 c5 26. Rf4 Kg8 27. Be4 Ra6 28. b7
a4 29. Rg4 a3 30. b3 Nh7 31. Bxh7+ Kxh7 32. Qd3+ 1-0

[Event "SG Turm Raesfeld/Erle 2 - SC Gronau 1"]
[Site "Regionalliga Münsterland 2019"]
[Date "2019.11.09"]
[Round "3.4"]
[White "Fasselt, Hendrik"]
[Black "Storck, Martin"]
[Result "1/2-1/2"]
[WhiteElo "1836"]
[BlackElo "1958"]
[PlyCount "65"]
[EventDate "2019.??.??"]
[SourceDate "2019.09.14"]

1. b3 d5 2. Bb2 c5 3. e3 Nc6 4. Nf3 a6 5. Be2 Nf6 6. O-O e6 7. d4 Be7 8. Nbd2
O-O 9. c4 cxd4 10. Nxd4 Nxd4 11. Bxd4 Bd7 12. Nf3 Rc8 13. Bd3 dxc4 14. Bxc4 Bc6
15. Ne5 Qa5 16. Qe2 Bd5 17. Rac1 Ba3 18. Rc2 Be4 19. Bd3 Bxd3 20. Qxd3 Qd5 21.
f3 Rfd8 22. Qe2 b5 23. Rd1 Qb7 24. Rdd2 Nd5 25. Rxc8 Rxc8 26. Rc2 f6 27. Nd3 e5
28. Rxc8+ Qxc8 29. e4 Nc3 30. Bxc3 Qxc3 31. Kf2 Be7 32. Kg3 g6 33. Kf2 1/2-1/2

[Event "SG Turm Raesfeld/Erle 2 - SC Gronau 1"]
[Site "Regionalliga Münsterland 2019"]
[Date "2019.11.09"]
[Round "3.5"]
[White "Langendijk, Andre"]
[Black "Broemmel, Chris"]
[Result "0-1"]
[WhiteElo "1926"]
[BlackElo "1808"]
[PlyCount "72"]
[EventDate "2019.??.??"]
[SourceDate "2019.09.14"]

1. c4 e5 2. Nc3 Nf6 3. g3 Bb4 4. Bg2 O-O 5. Nf3 Nc6 6. O-O d6 7. d3 Bxc3 8.
bxc3 e4 9. Nd4 Nxd4 10. cxd4 exd3 11. Qxd3 d5 12. cxd5 Nxd5 13. a4 a5 14. Bd2
c6 15. Rfb1 Ra7 16. Rb2 b6 17. e4 Ne7 18. Be3 Ba6 19. Qb1 Rb7 20. Ra3 f5 21. d5
cxd5 22. exd5 Qd6 23. Rab3 Nxd5 24. Bxd5+ Qxd5 25. Rxb6 Rfb8 26. Qc2 Rxb6 27.
Bxb6 Rc8 28. Qb1 Bb7 29. Kf1 Qc4+ 30. Ke1 Qc3+ 31. Kf1 Qf3 32. Be3 Qh1+ 33. Ke2
Ba6+ 34. Kd2 Rd8+ 35. Kc3 Qc6+ 36. Kb3 Rd3+ 0-1

[Event "SG Turm Raesfeld/Erle 2 - SC Gronau 1"]
[Site "Regionalliga Münsterland 2019"]
[Date "2019.11.09"]
[Round "3.6"]
[White "Boelker, Franz"]
[Black "Reckzuegel, Philipp"]
[Result "0-1"]
[WhiteElo "1762"]
[BlackElo "1871"]
[PlyCount "150"]
[EventDate "2019.??.??"]
[SourceDate "2019.09.14"]

1. d4 Nf6 2. c4 e6 3. Nf3 d5 4. Bg5 Nbd7 5. Nc3 c6 6. e3 Be7 7. Rc1 O-O 8. Qc2
h6 9. Bh4 b6 10. cxd5 exd5 11. Bd3 Bb7 12. O-O Re8 13. Qe2 Ne4 14. Bxe7 Qxe7
15. Ba6 Rab8 16. Bxb7 Rxb7 17. Qa6 Nb8 18. Qa4 Nxc3 19. Rxc3 b5 20. Qc2 f6 21.
Rc1 Kf7 22. Nh4 Qe4 23. Nf5 Qxc2 24. R3xc2 Ke6 25. g4 h5 26. h3 hxg4 27. hxg4
g6 28. Nh4 Kd6 29. Nf3 Re4 30. g5 fxg5 31. Ne5 Rc7 32. Kg2 c5 33. Rxc5 Rxc5 34.
Rxc5 Rxe5 35. Rc8 Re6 36. Rxb8 a6 37. Ra8 Kc7 38. Ra7+ Kb6 39. Rd7 Kc6 40. Rd8
Rf6 41. Ra8 Kc7 42. Ra7+ Kb6 43. Rd7 Kc6 44. Re7 b4 45. Re5 g4 46. b3 a5 47.
Re8 Kb5 48. Rc8 Rf5 49. Rc5+ Kb6 50. Kg1 g3 51. fxg3 Rf3 52. Rxd5 Rxe3 53. Kf2
Rd3 54. Rd6+ Kb5 55. Rxg6 Rd2+ 56. Ke3 Rxa2 57. Rg5+ Kb6 58. Rg6+ Kb5 59. d5
Rb2 60. d6 Rxb3+ 61. Kd4 Kc6 62. g4 a4 63. Kc4 Rb1 64. d7+ Kxd7 65. Ra6 a3 66.
g5 Ke7 67. Kd3 Rb2 68. g6 Kf8 69. Ra7 a2 70. Ke4 b3 71. Kf5 Rf2+ 72. Kg5 b2 73.
Ra8+ Kg7 74. Ra7+ Kg8 75. Rxa2 Rf5+ 0-1

[Event "SG Turm Raesfeld/Erle 2 - SC Gronau 1"]
[Site "Regionalliga Münsterland 2019"]
[Date "2019.11.09"]
[Round "3.7"]
[White "Rothkegel, Juergen"]
[Black "Terhart, Juergen"]
[Result "1-0"]
[WhiteElo "1864"]
[BlackElo "1776"]
[PlyCount "117"]
[EventDate "2019.??.??"]
[SourceDate "2019.09.14"]

1. e4 c6 2. d4 d5 3. Nc3 dxe4 4. Nxe4 Nd7 5. Nf3 Ngf6 6. Bd3 Nxe4 7. Bxe4 Nf6
8. Bd3 Bg4 9. Be2 e6 10. O-O Qc7 11. c3 Bd6 12. h3 Bh5 13. b4 O-O 14. Qc2 a5
15. bxa5 Rxa5 16. c4 c5 17. Bd2 Ra3 18. Bc1 Bg6 19. Qd1 Raa8 20. Qb3 Rfd8 21.
Bb2 Ne4 22. Rfd1 cxd4 23. Bxd4 Bc5 24. Qe3 Ra3 25. Rd3 Bxd4 26. Nxd4 Rxd3 27.
Bxd3 Qd6 28. Bxe4 Qxd4 29. Qxd4 Rxd4 30. Bxb7 Rxc4 31. a4 Rb4 32. Bf3 Kf8 33.
a5 Bd3 34. a6 Bxa6 35. Rxa6 Rd4 36. Ra7 e5 37. Bc6 Rd6 38. Bb5 Rb6 39. Bc4 Rf6
40. Bd5 g5 41. Ra5 Rf4 42. f3 Kg7 43. Be4 Rf6 44. Rxe5 h6 45. Rc5 Rd6 46. Rd5
Rb6 47. Rd7 h5 48. Bd5 Rf6 49. g3 Kg6 50. Bxf7+ Rxf7 51. Rxf7 Kxf7 52. Kf2 Kf6
53. Ke3 Ke5 54. f4+ Kf5 55. fxg5 Kxg5 56. Ke4 Kg6 57. Kf4 Kf6 58. h4 Kg6 59.
Ke5 1-0

[Event "SG Turm Raesfeld/Erle 2 - SC Gronau 1"]
[Site "Regionalliga Münsterland 2019"]
[Date "2019.11.09"]
[Round "3.8"]
[White "Suer, Julian"]
[Black "Baer, Klaus"]
[Result "0-1"]
[WhiteElo "1779"]
[BlackElo "1675"]
[PlyCount "100"]
[EventDate "2019.??.??"]
[SourceDate "2019.09.14"]

1. e4 c5 2. d4 cxd4 3. c3 d3 4. Bxd3 Nc6 5. Nf3 d6 6. h3 g6 7. O-O Bg7 8. c4
Nf6 9. Nc3 O-O 10. Qe2 Bd7 11. a3 Rc8 12. Bf4 Re8 13. Rac1 Qc7 14. c5 Ne5 15.
cxd6 exd6 16. Nb5 Qb8 17. Rxc8 Bxc8 18. Rd1 Nh5 19. Be3 b6 20. Nxe5 dxe5 21.
Bc4 Be6 22. Nd6 Rd8 23. Bxe6 Rxd6 24. Bb3 Nf6 25. Rxd6 Qxd6 26. Qc4 Qd7 27. Ba4
Qb7 28. f3 a6 29. Qc6 Qxc6 30. Bxc6 b5 31. Bc5 Bf8 32. Bxf8 Kxf8 33. b4 Ne8 34.
Kf2 Ke7 35. Bd5 Nc7 36. Bb3 g5 37. Kg3 Kf6 38. h4 h6 39. hxg5+ hxg5 40. Kg4 Kg6
41. g3 Ne8 42. Bd5 Nf6+ 43. Kh3 Nxd5 44. exd5 f5 45. Kg2 Kf6 46. Kf2 Ke7 47.
Ke3 Kd6 48. f4 gxf4+ 49. gxf4 Kxd5 50. fxe5 Kxe5 0-1

[Event "SK Bocholt 1 - SK Dülmen 1"]
[Site "Regionalliga Münsterland 2019"]
[Date "2019.11.09"]
[Round "3.1"]
[White "Eiersbrock, Robin"]
[Black "Fuest, Martin"]
[Result "0-1"]
[WhiteElo "2053"]
[BlackElo "2118"]
[PlyCount "142"]
[EventDate "2019.??.??"]
[SourceDate "2019.09.14"]

1. c4 e6 2. Nc3 d5 3. e3 Nf6 4. Nf3 c5 5. b3 Nc6 6. Bb2 Be7 7. cxd5 exd5 8. d4
O-O 9. Be2 Be6 10. O-O Ne4 11. dxc5 Nxc3 12. Bxc3 Bxc5 13. Rc1 Be7 14. Nd4 Nxd4
15. Bxd4 Qa5 16. Bd3 Bd6 17. Qh5 f5 18. g4 g6 19. Qh6 Rf7 20. gxf5 Bf8 21. Qg5
Bxf5 22. e4 Be7 23. Qg3 Bxe4 24. Bxe4 dxe4 25. Rfe1 Qd5 26. Qe5 Qxe5 27. Bxe5
Re8 28. Rxe4 Bg5 29. Rce1 Rfe7 30. f3 Kf7 31. Bd4 b6 32. Rxe7+ Bxe7 33. Kf1 Rd8
34. Re4 Bf6 35. Bxf6 Kxf6 36. Ke2 Rd5 37. Rc4 Rd7 38. Rc8 Kg5 39. Rc4 Kf5 40.
Ke3 Re7+ 41. Kf2 h6 42. Rc6 Kg5 43. Rc4 Kh5 44. a4 g5 45. Rc6 Rf7 46. Kg3 Rd7
47. Rc3 Rd1 48. Rc7 Rd3 49. Rxa7 g4 50. b4 Rxf3+ 51. Kg2 Rb3 52. b5 Ra3 53. Ra6
Kg5 54. Rxb6 Ra2+ 55. Kg3 Ra3+ 56. Kg2 Rxa4 57. Rc6 Rb4 58. Rc5+ Kh4 59. Rd5
Rb2+ 60. Kg1 h5 61. Rc5 Rd2 62. Re5 Rd3 63. Kg2 Rb3 64. Rc5 Rb2+ 65. Kg1 g3 66.
hxg3+ Kxg3 67. Rc3+ Kf4 68. Rc4+ Ke3 69. Rc5 h4 70. Rh5 Kf3 71. Rxh4 Kg3 0-1

[Event "SK Bocholt 1 - SK Dülmen 1"]
[Site "Regionalliga Münsterland 2019"]
[Date "2019.11.09"]
[Round "3.2"]
[White "Liesmann, Karsten"]
[Black "Grund, Wolfgang"]
[Result "0-1"]
[WhiteElo "1996"]
[BlackElo "1889"]
[PlyCount "68"]
[EventDate "2019.??.??"]
[SourceDate "2019.09.14"]

1. d4 d5 2. Nf3 e6 3. e3 Bd6 4. Bd3 Nf6 5. O-O Nc6 6. Nbd2 Nb4 7. Be2 O-O 8. b3
b6 9. a3 Na6 10. Bd3 c6 11. Bb2 Nc7 12. Ne5 Qe8 13. f4 Ba6 14. c4 Bxe5 15. fxe5
Nd7 16. Rf3 f5 17. exf6 Rxf6 18. Rh3 h6 19. e4 Rf4 20. e5 Qe7 21. Qe2 Raf8 22.
Rf1 Rxf1+ 23. Nxf1 c5 24. Bb1 Rf4 25. Bc1 Rxd4 26. Bxh6 Rh4 27. Bc1 dxc4 28.
bxc4 Bxc4 29. Qe1 Rxh3 30. gxh3 Nf8 31. Ng3 Qh4 32. Kg2 Bd5+ 33. Be4 Ng6 34.
Qe3 Qd8 0-1

[Event "SK Bocholt 1 - SK Dülmen 1"]
[Site "Regionalliga Münsterland 2019"]
[Date "2019.11.09"]
[Round "3.3"]
[White "Nolting, Bodo"]
[Black "Hunhoff, Sebastian"]
[Result "1/2-1/2"]
[WhiteElo "1726"]
[BlackElo "1918"]
[PlyCount "23"]
[EventDate "2019.??.??"]
[SourceDate "2019.09.14"]

1. e4 e6 2. d4 d5 3. Nd2 Be7 4. c3 dxe4 5. Nxe4 Nf6 6. Bd3 b6 7. Qf3 c6 8. Ne2
Bb7 9. O-O Nbd7 10. Bf4 Nxe4 11. Bxe4 Rc8 12. Qg3 1/2-1/2

[Event "SK Bocholt 1 - SK Dülmen 1"]
[Site "Regionalliga Münsterland 2019"]
[Date "2019.11.09"]
[Round "3.4"]
[White "Naumann, Felix"]
[Black "Loedding, Detlef"]
[Result "1/2-1/2"]
[WhiteElo "1886"]
[BlackElo "1890"]
[PlyCount "75"]
[EventDate "2019.??.??"]
[SourceDate "2019.09.14"]

1. d4 Nf6 2. Nf3 e6 3. Bf4 b6 4. e3 Bb7 5. Nbd2 Be7 6. Bd3 O-O 7. h3 d6 8. O-O
Nbd7 9. c3 Re8 10. Bh2 Bf8 11. Bc2 e5 12. dxe5 Nxe5 13. Nxe5 dxe5 14. Qe2 Bd6
15. Rfd1 Qe7 16. Nc4 Rad8 17. Ba4 Rf8 18. Nxd6 cxd6 19. Bc2 d5 20. Rd2 Rd6 21.
Rad1 Rfd8 22. Qb5 Rc8 23. Qa4 Bc6 24. Qh4 g6 25. Qg5 Re8 26. f4 exf4 27. Bxf4
Rdd8 28. Rf2 Ne4 29. Bxe4 dxe4 30. Rxd8 Qxd8 31. Qh6 f6 32. g4 Rf8 33. g5 fxg5
34. Bxg5 Qd1+ 35. Kg2 Rxf2+ 36. Kxf2 Qd2+ 37. Kg3 Qe1+ 38. Kf4 1/2-1/2

[Event "SK Bocholt 1 - SK Dülmen 1"]
[Site "Regionalliga Münsterland 2019"]
[Date "2019.11.09"]
[Round "3.5"]
[White "Koetting, Hans Erich"]
[Black "Steiner, Karl"]
[Result "1-0"]
[WhiteElo "1888"]
[BlackElo "1894"]
[PlyCount "65"]
[EventDate "2019.??.??"]
[SourceDate "2019.09.14"]

1. d4 d5 2. Bf4 Nf6 3. e3 c6 4. Nd2 Bf5 5. Ngf3 e6 6. Ne5 Nbd7 7. g4 Bg6 8. h4
h6 9. Nxg6 fxg6 10. Bd3 Kf7 11. h5 gxh5 12. gxh5 Bb4 13. c3 Ba5 14. Bg6+ Ke7
15. Qa4 Nf8 16. Qa3+ Kd7 17. Bd3 Bc7 18. Nf3 Bxf4 19. exf4 Qe8 20. O-O-O Kc7
21. Ne5 N6d7 22. c4 Nxe5 23. dxe5 Rd8 24. Qxa7 Qf7 25. f5 exf5 26. Qa5+ Kc8 27.
cxd5 Rxd5 28. Qa8+ Kc7 29. Ba6 Kb6 30. Rxd5 cxd5 31. Rh3 Ne6 32. Rb3+ Kc6 33.
Bxb7+ 1-0